00490 2200181 4500001002100000005001500021035002000036007000300056008004100059020001800100082001000118084001600128100001800144245007600162260004400238856001700282990000900299INLIS00000000000165120230216125629 a0010-0223000112ta230216 g 0 ind  a9789790500204 a959.8 a959.8 EKO s0 aEko praptanto1 aSejarah Indonesia 6 : zaman pendudukan jepang dan kemerdekaan indonesia aJakarta :bBina sumber daya mipa,c2010 aKoleksi Umum a2889